000
00301nam a22001337a 4500
008
170329b xxu||||| |||| 00| 0 eng d
020
_a
9780815166207
041
_a
eng
080
_2
2ND
_a
796.3
100
_a
8
101
_a
SHM
245
_a
THE MANAGEMENT OF SPORT
_c
PARKHOUSE, B.L
942
_2
udc
_c
BK
999
_c
8906
_d
8906